Online
Catalog

Fundación de una escritura : (Record no. 4690)

MARC details
000 -CABECERA
campo de control de longitud fija 01000cam a2200265 a 4500
001 - NÚMERO DE CONTROL
campo de control 000004884
005 - FECHA Y HORA DE LA ÚLTIMA TRANSACCIÓN
campo de control 20200929151527.0
008 - DATOS DE LONGITUD FIJA--INFORMACIÓN GENERAL
campo de control de longitud fija 920820s1992 cu b 000 0 spa
040 ## - FUENTE DE LA CATALOGACIÓN
Centro catalogador/agencia de origen DO-SdBNP
Centro/agencia transcriptor DLC
082 ## - NÚMERO DE LA CLASIFICACIÓN DECIMAL DEWEY
Número de clasificación 868.99809
Número de documento/Ítem R848f
049 ## - FONDOS LOCALES (OCLC)
Fondos de biblioteca BNGR
100 1# - ENTRADA PRINCIPAL--NOMBRE DE PERSONA
Nombre de persona Rotker, Susana,
Fechas asociadas al nombre 1954-
9 (RLIN) 14130
245 10 - MENCIÓN DE TÍTULO
Título Fundación de una escritura :
Resto del título las crónicas de José Martí /
Mención de responsabilidad, etc. Susana Rotker ; edición de Clara Hernández.
260 ## - PUBLICACIÓN, DISTRIBUCIÓN, ETC.
Lugar de publicación, distribución, etc. La Habana :
Nombre del editor, distribuidor, etc. Casa de las Americas,
Fecha de publicación, distribución, etc. 1992.
300 ## - DESCRIPCIÓN FÍSICA
Extensión 290, [3] p. ;
Dimensiones 19 cm.
490 1# - MENCIÓN DE SERIE
Mención de serie Ensayo
490 1# - MENCIÓN DE SERIE
Mención de serie Medio milenio
504 ## - NOTA DE BIBLIOGRAFÍA, ETC.
Nota de bibliografía, etc. Incluye referencias bibliográficas p. [259]-290.
600 14 - PUNTO DE ACCESO ADICIONAL DE MATERIA--NOMBRE DE PERSONA
Nombre de persona MARTÍ, JOSÉ,
Fechas asociadas al nombre 1853-1895
Subdivisión general CRÍTICA E INTERPRETACIÓN
9 (RLIN) 8805
650 #4 - PUNTO DE ACCESO ADICIONAL DE MATERIA--TÉRMINO DE MATERIA
Término de materia o nombre geográfico como elemento de entrada Modernismo (literatura)
Subdivisión general Historia y crítica
-- América latina
9 (RLIN) 14131
600 14 - PUNTO DE ACCESO ADICIONAL DE MATERIA--NOMBRE DE PERSONA
Nombre de persona MARTÍ , JOSÉ,
Fechas asociadas al nombre 1853-1895
Título de la obra ESCENAS NORTEAMERICANAS
9 (RLIN) 14132
700 1# - PUNTO DE ACCESO ADICIONAL--NOMBRE DE PERSONA
Nombre de persona Hernández, Clara
Término indicativo de función/relación ed.
9 (RLIN) 4129
830 #0 - PUNTO DE ACCESO ADICIONAL DE SERIE-TÍTULO UNIFORME
Título uniforme Ensayo;
Nombre de parte o sección de la obra Medio milenio
9 (RLIN) 14133
910 ## - DATOS DE OPCIÓN DEL USUARIO (OCLC)
Datos de opción del usuario Catalogación por copia / LC
Holdings
Estado de retiro Estado de pérdida Restricciones de uso No para préstamo Código de colección Localización permanente Ubicación/localización actual Ubicación en estantería Fecha de adquisición Número de inventario Total de préstamos Signatura topográfica completa Código de barras Fecha visto por última vez Precio válido a partir de Tipo de ítem Koha Número de copia
    Préstamo interno   Monografías: Libros y Folletos General General En catalogación 27.07.2009 LF1   868.99809 R848f 4884-10 25.06.2020 25.06.2020 Préstamo interno  
    Préstamo restringido Préstamo restrigido Monografías: Libros y Folletos General General En catalogación 17.02.2010 LF1   868.99809 R848f 4884-20 25.06.2020 25.06.2020 Préstamo interno e.2
    Préstamo interno   Monografías: Libros y Folletos General General En catalogación 17.02.2010 LF1   868.99809 R848f 4884-30 25.06.2020 25.06.2020 Préstamo interno e.3

Powered by Koha